000 00419nam a2200181Ia 4500
001 1352
005 20260306143722.0
008 260306t2012||||xx |||||||||||||| ||spa||
041 _aESP
082 _a196.1
_bM58 T. 1
100 _aMillán-Puelles, Antonio
_eAUT
245 0 _aObras completas
260 _c2012
300 _a367 páginas :
_c25 cm.
650 _aGEN
654 _aCHU
942 _cLIB
_dJUS
_fJUS
_2ddc
_n
999 _c1352
_d1352